Človek v strede úsilia

Podrobná bibliografia
Ďalší autori: Dulovičová, Aneta (Tazateľ)
Médium: Článok
Jazyk:slovenčina
Predmet:

MARC

LEADER 00000nab a2200000 a 4500
001 vtls000318155
003 SK-MaSNL
005 20260302225443.0
008 220422c1978 xo 0 slo
015 |a SNBRB19rr/mm-uuuuu 
035 |a CL0008247 
040 |a SNKBUCL  |b slo  |c SNKBUCL  |e AACR2 
041 0 |a slo 
044 |a xo  |c SK 
080 |a 613  |2 1981 
100 1 |a Rosival, Ladislav,  |d 1924-2016  |4 ive  |9 209712 
245 1 0 |a Človek v strede úsilia  |c Ladislav Rozsival, Aneta Dulovičová 
610 2 7 |a Výskumný ústav hygieny (Bratislava, Slovensko)  |2 snkbucl  |9 549661 
650 0 7 |a hygiena  |2 snkbucl  |9 16835 
655 7 |a články z novín a časopisov  |2 snkbucl  |9 267496 
700 1 |a Dulovičová, Aneta  |4 ivr  |9 957856 
773 0 |t Večerník  |g Roč. 23, č. 91 (11. 5. 1978), s. 3 
850 |a Slovenská národná knižnica v Martine  |a MTA001 
852 |a SNK  |b KIS3GCP 
958 |a RK 
958 |a ME 
992 |a RBX 
999 |c 1529113  |d 1531043